[Event "Barcelona Sant Marti op 8th"]
[Site "Barcelona"]
[Date "2019.03.14"]
[Round "9"]
[White "Planella Sanchez, Xavier"]
[Black "Serentill Tost, Eduard"]
[Result "0-1"]
[WhiteElo "1838"]
[BlackElo "1669"]
[PlyCount "86"]
[EventDate "2019.01.17"]
[EventType "swiss"]
[EventRounds "9"]
[EventCountry "ESP"]
[SourceTitle "CBM 189 Extra"]
[Source "ChessBase"]
[SourceDate "2019.06.03"]
[SourceVersion "1"]
[SourceVersionDate "2019.06.03"]
[SourceQuality "1"]

1. d4 Nf6 2. Nf3 g6 3. c4 Bg7 4. Bf4 0-0 5. e3 d6 6. Nc3 Nbd7 7. Be2 Re8 8. d5 a5 9. 0-0 Nc5 10. h3 Nfe4 11. Nxe4 Nxe4 12. Rb1 Nc5 13. a3 Bf5 14. Nd4 Bxb1 15. Qxb1 e5 16. dxe6 Nxe6 17. Nxe6 Rxe6 18. Bf3 Qf6 19. Bxb7 Rb8 20. Bd5 Rxb2 21. Qe1 Re8 22. Qxa5 Qe7 23. a4 Reb8 24. Bc6 Rb1 25. Rxb1 Rxb1+ 26. Kh2 Be5 27. Bxe5 Qxe5+ 28. Qxe5 dxe5 29. Bb5 Ra1 30. Kg3 f5 31. Kf3 Kf7 32. g4 Ke6 33. gxf5+ gxf5 34. e4 Ra3+ 35. Kg2 fxe4 36. Bc6 Kf5 37. Bb5 Kf4 38. Bc6 Ra2 39. h4 e3 40. Kf1 exf2 41. Kg2 Ke3 42. c5 Rb2 43. Bb5 Rxb5 0-1

[Event "Barcelona Sant Marti op 8th"]
[Site "Barcelona"]
[Date "2019.02.14"]
[Round "5"]
[White "Anguera Maestro, Jaime"]
[Black "Planella Sanchez, Xavier"]
[Result "1/2-1/2"]
[WhiteElo "2112"]
[BlackElo "1838"]
[PlyCount "75"]
[EventDate "2019.01.17"]
[EventType "swiss"]
[EventRounds "9"]
[EventCountry "ESP"]
[SourceTitle "CBM 189 Extra"]
[Source "ChessBase"]
[SourceDate "2019.06.03"]
[SourceVersion "1"]
[SourceVersionDate "2019.06.03"]
[SourceQuality "1"]

1. d4 d5 2. Nf3 Nf6 3. Bf4 e6 4. e3 c5 5. c3 Qb6 6. b3 Nbd7 7. Bd3 Be7 8. 0-0 Nh5 9. Be5 Nxe5 10. dxe5 g6 11. a4 0-0 12. c4 dxc4 13. Bxc4 Qc7 14. Nc3 Bd7 15. Bb5 Rfd8 16. Qc2 a6 17. Bxd7 Rxd7 18. Rad1 Rad8 19. Rxd7 Rxd7 20. Rd1 Rxd1+ 21. Qxd1 Ng7 22. Qd3 Ne8 23. Ne4 Kg7 24. h4 h5 25. g3 Qc6 26. Nfd2 b5 27. Nc3 Nc7 28. e4 f5 29. exf5 gxf5 30. axb5 axb5 31. Qe2 Kg6 32. Nf1 b4 33. Nb1 Nb5 34. Nbd2 Nd4 35. Qe3 Qd5 36. Kh2 Nc2 37. Qe2 Nd4 38. Qe3 1/2-1/2

[Event "Barcelona Sant Marti op 8th"]
[Site "Barcelona"]
[Date "2019.02.07"]
[Round "4"]
[White "Planella Sanchez, Xavier"]
[Black "Llorens Gou, Juan"]
[Result "1-0"]
[WhiteElo "1838"]
[BlackElo "1653"]
[PlyCount "95"]
[EventDate "2019.01.17"]
[EventType "swiss"]
[EventRounds "9"]
[EventCountry "ESP"]
[SourceTitle "CBM 189 Extra"]
[Source "ChessBase"]
[SourceDate "2019.06.03"]
[SourceVersion "1"]
[SourceVersionDate "2019.06.03"]
[SourceQuality "1"]

1. d4 Nf6 2. Bf4 d5 3. e3 c5 4. c3 Nc6 5. Nf3 Qb6 6. Qb3 e6 7. Nbd2 cxd4 8. cxd4 Bd7 9. Bd3 Be7 10. h3 0-0 11. 0-0 Rfc8 12. Bb5 Na5 13. Qd1 Bxb5 14. Re1 Qc6 15. Nb3 Nxb3 16. Qxb3 Qc4 17. Qd1 Qc2 18. Ne5 Ne4 19. Qf3 Nf6 20. g4 Qe4 21. Qg3 Qc2 22. Qf3 Be8 23. Rac1 Qa4 24. g5 Ne4 25. h4 Rc2 26. Bg3 Rac8 27. Rcd1 Rxb2 28. Qg4 Qxa2 29. Ra1 Qb3 30. Rxa7 Qc2 31. Rf1 Nxg3 32. Qxg3 Rb1 33. Qg4 Rxf1+ 34. Kxf1 Qb1+ 35. Kg2 Rb8 36. h5 Qb6 37. Ra1 Qb2 38. Ra7 Qb6 39. Ra1 Rc8 40. g6 hxg6 41. hxg6 fxg6 42. Qh3 Bf6 43. Rh1 Bxe5 44. dxe5 Qc6 45. Qh8+ Kf7 46. Rh7 Ke7 47. Qxg7+ Kd8 48. Qf6# 1-0